000 00942naa a22002777a 4500
001 BR5600028
003 BR-BrBNA
005 20250709164600.0
007 ta
008 250630b bl.|||m| |||| 00| 0 por d
040 _aBR-BrBNA
_bpor
_cBiblioteca Nacional de Agricultura
041 _a(Pt)
072 _aQ20
_b9410
_bG514
090 _aQ20 BR5600028
100 1 _aSilva, J.A.P.
245 1 _aConsideracoes acerca do indice crioscopico do leite no Rio [Toxicologia de alimento; Microbiologia de alimento; Brasil]
500 _aProblemas referentes ao leite Rio de Janeiro, GB (Brasil): 1956. p. 15-20 (BR5600028-AMS)
650 _aMicrobiologia de alimento
650 _aToxicologia de alimento
650 _aLeite
650 _aHigiene de alimento
650 _aRio de Janeiro
490 _aEstudos Tecnicos - Servico de Informacao Agricola (Brazil)
_vno. 8
942 _cAMS
_2AGRIS
909 _a202506
_bLúcia
_c55
_dLúcia Elande
999 _c332526
_d332526